Logo BPK

Bibliografia Prac Pracowników

Politechniki Koszalińskiej

An experimental study of pressure drop during incipience of R134a flow boiling in minichannels / (Rekord nr 8034)

Szczegóły MARC
000 -ETYKIETA REKORDU
podpole kontrolne o stałej długości 01432naa a22002537i 4500
003 - IDENTYFIKATOR NUMERU KONTROLNEGO REKORDU
podpole kontrolne KOSZ 005
005 - DATA OSTATNIEJ MODYFIKACJI REKORDU
podpole kontrolne 20170308121157.0
008 - POLE O STAŁEJ DŁUGOŚCI - DANE KONTROLNE
podpole kontrolne o stałej długości 160308s2010 ||||| ||||0|| 0 eng
035 ## - NUMER SYSTEMOWY
Numer systemowy przejętego rekordu PBN-R:247004
040 ## - ŹRÓDŁO KATALOGOWANIA
Instytucja, która utworzyła rekord KOSZ 005/md
Instytucja, która sporządziła opis PBN-ID
041 0# - KOD JĘZYKA
Kod języka tekstu eng
100 ## - NAZWA OSOBOWA
Nazwa osobowa BOHDAL, Tadeusz.
Lata pracy 1996 - .
Instytucja Politechnika Koszalińska - Wydział Mechaniczny,
Wydział Katedra Techniki Cieplnej i Chłodnictwa
245 10 - TYTUŁ/ODPOWIEDZIALNOŚĆ
Tytuł An experimental study of pressure drop during incipience of R134a flow boiling in minichannels /
Pozostałe elementy strefy tytułu i oznaczenia odpowiedzialności Tadeusz Bohdal, Henryk Charun, Krzysztof Dutkowski.
260 ## - STREFA ADRESU WYDAWNICZEGO
Data publikacji, dystrybucji/powstania dokumentu 2010.
650 #0 - HASŁO PRZEDMIOTOWE W FORMIE NAZWY OGÓLNEJ LUB JEDNOSTKOWEJ
Nazwa ogólna lub geograficzna Budowa i eksploatacja maszyn.
650 #0 - HASŁO PRZEDMIOTOWE W FORMIE NAZWY OGÓLNEJ LUB JEDNOSTKOWEJ
Nazwa ogólna lub geograficzna Machinery construction and operation.
650 #0 - HASŁO PRZEDMIOTOWE W FORMIE NAZWY OGÓLNEJ LUB JEDNOSTKOWEJ
Nazwa ogólna lub geograficzna Chapter in a book.
650 #0 - HASŁO PRZEDMIOTOWE W FORMIE NAZWY OGÓLNEJ LUB JEDNOSTKOWEJ
Nazwa ogólna lub geograficzna Rozdział w książce.
700 ## - HASŁO DODATKOWE - NAZWA OSOBOWA
Nazwa osobowa CHARUN, Henryk.
Lata pracy 1996 - .
Instytucja Politechnika Koszalińska - Wydział Mechaniczny,
Wydział Katedra Techniki Cieplnej i Chłodnictwa
700 ## - HASŁO DODATKOWE - NAZWA OSOBOWA
Nazwa osobowa DUTKOWSKI, Krzysztof.
Lata pracy 1996 - .
Instytucja Politechnika Koszalińska - Wydział Mechaniczny,
Wydział Katedra Techniki Cieplnej i Chłodnictwa
711 ## - HASŁO DODATKOWE - NAZWA IMPREZY
Nazwa imprezy International Symposium on Heat Transfer and Renewable Sources of Energy
Oznaczenie części/sekcji dzieła (13 ;
Data imprezy 2010 ;
Miejsce imprezy Szczecin, Polska).
773 08 - TYTUŁ DOKUMENTU MACIERZYSTEGO
Wyrażenie wprowadzające W :
Tytuł Proceedings of the XIIIth International Symposium on Heat Transfer and Renewable Sources of Energy. -
Adres wydawniczy Szczecin : Wydaw. Uczelniane Zachodniopomorskiego Uniwersytetu Technologicznego, 2010. -
Informacje dotyczące relacji s. 413-420
942 ## - HASŁO DODATKOWE - ELEMENTY(KOHA)
Typ dokumentu Rozdział
Schemat klasyfikacji Uniwersalna klasyfikacja dziesiętna

Brak dostępnych egzemplarzy.

© 2014 Biblioteka Politechniki Koszalińskiej :: BIBLIOGRAFIA PRAC PRACOWNIKÓW